1465 1442 1779 1502 1040 1917 1320 1428 1785 1171 1742 1093 1023 1643 1814 1598 1745 1315 1415 1294 1237 1426 1333 1443 1400 1553 1625 1936 1569 1289 1526 1661 1928 1794 1795 1798 1298 1589 1078 1749 1647 1619 1948 1921 1133 1900 1097 1931 1537 1368 1811 1363 1390 1740 1986 1947 1790 1905 1120 1254 1035 1913 1715 1159 1566 1583 1693 1486 1900 1551 1714 1517 1063 1240 1246 1437 1649 1415 1192 1614 1101 1136 1144 1878 1848 1929 1927 1063 1867 1173 1799 1395 1961 1810 1385 1913 1622 1281 1671 BCNSPRNW ULIB Ver.6.0+V

เปลี่ยนเป็นภาษาไทย

Change to English
 แสดงรายละเอียดบรรณานุกรม
  กลับหน้าหลัก

Brief Record : Get Marc (ISO 2709) : E-mail record : QR code < ปิดหน้าต่าง
LEADER : 00000nam 2200000uu 4500
001    13399127694
003     ULIB
008    210420s2562||||th 000 0 tha d
020    ^a9786169299974
060  0 ^aWJ340^bก766ก
100    ^aเกรียง ตั้งสง่า.
245    ^aการประชุมสัมนาเชิงปฏิบัติการ เรื่อง การพัฒนารูปแบบการดูแลผู้ป่วยโรคไตเรื้อรังโดยทีมสหสาขาวิชาชีพของโรงพยาบาลอำเภอและโดยพยาบาลชุมชน ของ รพ.สต.
260    ^aม.ป.ท. :^bม.ป.พ.,^c2562
300    ^a152 หน้า;^b29 ซม.
650    ^aโรคไตเรื้อรัง-การดูแล
945    ^p0^l0^i008019
999    ^aประนอม เกษจรัล
รายการนี้ยังไม่มีแท็ก
คุณยังไม่ได้ล็อกอิน คุณสามารถมีกิจกรรมร่วมกับเว็บไซต์ได้ แต่ต้องล็อกอินก่อน ::
  ล็อกอิน

รายการสื่อสารสนเทศ

ลำดับที่ ประเภท เลขเรียก/บาร์โค้ด สถานที่ สถานะ
1. วิทยาศาสตร์การแพทย์ และสุขภาพ
วิทยาศาสตร์การแพทย์ และสุขภาพ
WJ340 ก766ก ฉ.1 
  Barcode: 008019
ห้องสมุดวิทยาเขตสวรรค์ประชารักษ์
►หนังสือทั่วไป
บนชั้น

BibComment


ยังไม่เคยถูกคอมเมนท์

คอมเมนท์ทรัพยากรรายการนี้
  คอมเมนท์: การประชุมสัมนาเช..


 Copyright 2026. Bcnsprnw @Library